[Event "Arak op 15th"]
[Site "Arak"]
[Date "2016.08.11"]
[Round "1.5"]
[White "Karimpoor, Shahab"]
[Black "Bagheri, Maziar"]
[Result "0-1"]
[WhiteElo "1662"]
[BlackElo "2306"]
[PlyCount "88"]
[EventDate "2016.08.11"]
[EventType "swiss"]
[EventRounds "11"]
[EventCountry "IRI"]
[SourceTitle "CBM 173 Extra"]
[Source "ChessBase"]
[SourceDate "2016.08.29"]
[SourceVersion "1"]
[SourceVersionDate "2016.08.29"]
[SourceQuality "1"]

1. e4 e5 2. Nf3 Nc6 3. Bb5 a6 4. Ba4 Nf6 5. 0-0 Be7 6. Re1 b5 7. Bb3 d6 8. c3 0-0 9. d3 Na5 10. Bc2 c5 11. Nbd2 Re8 12. a4 Bb7 13. Nf1 Qc7 14. Ng3 g6 15. Bh6 Ng4 16. Bg5 h6 17. Bxe7 Qxe7 18. h3 Nf6 19. Qd2 Kh7 20. Nh2 c4 21. axb5 axb5 22. Ra3 cxd3 23. Qxd3 Nc4 24. Rxa8 Rxa8 25. Ng4 Nxg4 26. hxg4 Ra2 27. b3 Na3 28. Bd1 Qf6 29. Re2 Ra1 30. Nf1 b4 31. cxb4 d5 32. exd5 Ba6 33. Qd2 Bxe2 34. Bxe2 e4 35. b5 Nb1 36. Qc2 Nc3 37. b6 Ra2 38. Qxa2 Nxa2 39. b7 Qb6 40. Ba6 Nb4 41. Bc4 Qxb7 42. Ng3 e3 43. d6 exf2+ 44. Kf1 Kg7 0-1